Modelování rozvoje výrobních systému

Enregistré dans:
Détails bibliographiques
Auteur principal: Záruba, Petr
Format: Livre
Langue:tchèque
Publié: Praha Státní nakladatelství technické literatury 1989
Tags: Ajouter un tag
Pas de tags, Soyez le premier à ajouter un tag!

MARC

LEADER 00000nam a2200000 4500
001 c028781
005 20250519122349.0
041 0 |a cze 
044 |a CZ 
245 1 0 |a Modelování rozvoje výrobních systému  |c Petr Záruba 
264 1 |a Praha  |b Státní nakladatelství technické literatury  |c 1989 
300 |a 221 s. 
100 1 |a Záruba, Petr